000 00934nam a2200253 i 4500
001 bg
245 0 0 _aPodstawy ekonomii matematycznej :
_belementy teorii produkcji i równowagi ogólnej /
_cred. nauk. Emil Panek.
260 _aPoznań :
_bWydawnictwo Akademii Ekonomicznej,
_c2005.
300 _a141 s. :
_bwykr.. ;
_c24 cm.
490 1 _aMateriały Dydaktyczne / Akademia Ekonomiczna w Poznaniu,
_x1427-1117 ;
_v173
504 _aBibliogr. s. 141.
650 9 _aEkonometria
655 _aPodręczniki akademickie
700 1 _aPANEK, Emil
_d(1948- ).
_eRed.
830 0 _aMateriały Dydaktyczne (Akademia Ekonomiczna w Poznaniu) ;
_v173
020 _a8374171375
040 _cBPK
041 0 _apol
080 _a330.43(075.8)
920 _a83-7417-137-5
942 _cKS
008 s pl f |000 0 pol
999 _c52311
_d52311
856 _uhttp://koha.tu.koszalin.pl/cgi-bin/koha/opac-detail.pl?biblionumber=52311
_yKatalog online BPK